KNOWLEDGE REPRESENTATION AND REASONING (Record no. 8466)

MARC details
000 -LEADER
fixed length control field 00440nam a22001697a 4500
005 - DATE AND TIME OF LATEST TRANSACTION
control field 20231116141520.0
008 - FIXED-LENGTH DATA ELEMENTS--GENERAL INFORMATION
fixed length control field 231116b |||||||| |||| 00| 0 eng d
020 ## - INTERNATIONAL STANDARD BOOK NUMBER
ISBN 9781558609327
041 ## - LANGUAGE CODE
Language code of text/sound track or separate title eng
082 ## - DEWEY DECIMAL CLASSIFICATION NUMBER
Classification number 006.32 BRA-K
100 ## - MAIN ENTRY--AUTHOR NAME
Personal name BRACHMAN RONALD J AND LEVESQUE HECTOR J
245 ## - TITLE STATEMENT
Title KNOWLEDGE REPRESENTATION AND REASONING
260 ## - PUBLICATION, DISTRIBUTION, ETC. (IMPRINT)
Place of publication AMSTERDAM
Name of publisher ELSEVIER
Year of publication 2023
300 ## - PHYSICAL DESCRIPTION
Number of Pages 381
650 ## - SUBJECT ADDED ENTRY--TOPICAL TERM
Topical Term CSIT
942 ## - ADDED ENTRY ELEMENTS (KOHA)
Koha item type Books
Holdings
Lost status Damaged status Collection code Home library Current library Shelving location Date acquired Source of acquisition Cost, normal purchase price Full call number Accession Number Koha item type
    Reference JRU Library JRU Library SHELF-7-B 16/11/2023 PURCHASE 8858.00 006.32 BRA-K 28124 Books